Globalisation and pedagogy : (Record no. 1108)

000 -LEADER
fixed length control field 02041cam a2200445 a 4500
001 - CONTROL NUMBER
control field 14850391
003 - CONTROL NUMBER IDENTIFIER
control field OSt
005 - DATE AND TIME OF LATEST TRANSACTION
control field 20140116120846.0
008 - FIXED-LENGTH DATA ELEMENTS--GENERAL INFORMATION
fixed length control field 070515s2008 enk b 001 0 eng
010 ## - LIBRARY OF CONGRESS CONTROL NUMBER
LC control number 2007020407
015 ## - NATIONAL BIBLIOGRAPHY NUMBER
National bibliography number GBA711848
Source bnb
016 7# - NATIONAL BIBLIOGRAPHIC AGENCY CONTROL NUMBER
Record control number 013672228
Source Uk
020 ## - INTERNATIONAL STANDARD BOOK NUMBER
International Standard Book Number 9780415428965 (pbk. : alk. paper)
020 ## - INTERNATIONAL STANDARD BOOK NUMBER
International Standard Book Number 0415428963 (pbk. : alk. paper)
020 ## - INTERNATIONAL STANDARD BOOK NUMBER
International Standard Book Number 9780415428958 (hbk. : alk. paper)
020 ## - INTERNATIONAL STANDARD BOOK NUMBER
International Standard Book Number 0415428955 (hbk. : alk. paper)
020 ## - INTERNATIONAL STANDARD BOOK NUMBER
International Standard Book Number 9780203945001 (ebk.)
020 ## - INTERNATIONAL STANDARD BOOK NUMBER
International Standard Book Number 020394500X (ebk.)
035 ## - SYSTEM CONTROL NUMBER
System control number (OCoLC)84150866
Canceled/invalid control number (OCoLC)179819909
-- (OCoLC)225867629
035 ## - SYSTEM CONTROL NUMBER
System control number (OCoLC)ocm84150866
040 ## - CATALOGING SOURCE
Original cataloging agency DLC
Transcribing agency DLC
Modifying agency UKM
-- BAKER
-- BTCTA
-- BWKUK
-- YDXCP
-- BWK
-- NLGGC
-- OCLCQ
-- OKU
-- DLC
050 00 - LIBRARY OF CONGRESS CALL NUMBER
Classification number LC1090 .E33 2007
082 00 - DEWEY DECIMAL CLASSIFICATION NUMBER
Classification number 370.116
Edition number 22
084 ## - OTHER CLASSIFICATION NUMBER
Classification number 80.99
Source of number bcl
100 1# - MAIN ENTRY--PERSONAL NAME
Personal name Edwards, Richard,
Dates associated with a name 1956 July 2-
245 10 - TITLE STATEMENT
Title Globalisation and pedagogy :
Remainder of title space, place and identity /
Statement of responsibility, etc Richard Edwards and Robin Usher.
250 ## - EDITION STATEMENT
Edition statement 2nd ed.
260 ## - PUBLICATION, DISTRIBUTION, ETC. (IMPRINT)
Place of publication, distribution, etc London ;
-- New York :
Name of publisher, distributor, etc Routledge,
Date of publication, distribution, etc 2008.
300 ## - PHYSICAL DESCRIPTION
Extent 191 p. ;
Dimensions 24 cm.
504 ## - BIBLIOGRAPHY, ETC. NOTE
Bibliography, etc Includes bibliographical references (p. [171]-183) and index.
505 0# - FORMATTED CONTENTS NOTE
Formatted contents note Globalisation : lost in space-time -- Putting space back on the map : space, place and auto/biography -- Globalisation, pedagogy and curriculum -- Working and (l)earning -- Globalisation, the academy and new knowledge -- Mobility, connectivity and learning -- Pedagogies of (dis)location :(dis)locating pedagogies -- (Dis)locating practices : mapping and translating -- Endless learning.
650 #0 - SUBJECT ADDED ENTRY--TOPICAL TERM
Topical term or geographic name as entry element International education.
650 #0 - SUBJECT ADDED ENTRY--TOPICAL TERM
Topical term or geographic name as entry element Internationalism.
650 #0 - SUBJECT ADDED ENTRY--TOPICAL TERM
Topical term or geographic name as entry element Education and globalization.
700 1# - ADDED ENTRY--PERSONAL NAME
Personal name Usher, Robin,
Dates associated with a name 1944-
856 41 - ELECTRONIC LOCATION AND ACCESS
Materials specified Table of contents only
Uniform Resource Identifier <a href="http://www.loc.gov/catdir/toc/ecip0718/2007020407.html">http://www.loc.gov/catdir/toc/ecip0718/2007020407.html</a>
906 ## - LOCAL DATA ELEMENT F, LDF (RLIN)
a 7
b cbc
c orignew
d 1
e ecip
f 20
g y-gencatlg
942 ## - ADDED ENTRY ELEMENTS (KOHA)
Source of classification or shelving scheme
Koha item type Book
Holdings
Withdrawn status Lost status Source of classification or shelving scheme Damaged status Not for loan Home library Current library Date acquired Total Checkouts Full call number Barcode Date last seen Copy number Price effective from Koha item type Date checked out
          Riara University Library Riara University Library 21/02/2013   LC1090 .E33 2007 3910/13 21/02/2013 C.2 21/02/2013 Book  
          Riara University Library Riara University Library 21/02/2013 1 LC1090 .E33 2007 3911/13 19/12/2014 C.1 21/02/2013 Book 04/12/2014
          Riara University Library Riara University Library 21/02/2013 5 LC1090 .E33 2007 3912/13 09/02/2021 C.3 21/02/2013 Book 16/01/2020

Riara University Library,
P.O. Box 49940-00100,
Nairobi, Kenya.